00404 a2200109 4500001001000000005001700010008004100027245008200068100002300150773010400173999001700277ART_2596220260410161935.0260409a 10aLas múltiples ópticas de la "nueva arquitectura financiera internacional"1 aVillanueva, Javier0 tAnales de la Academia Nacional de Ciencias Económicasg- Vol. XLVII, (2002) (ene. 2002)wREV25596 c28958d28958